[Event "IECC KO email"]
[Site "IECC email"]
[Date "2001.04.21"]
[Round "?"]
[White "Keber, Ernst"]
[Black "Abhishek, Roy Soni"]
[Result "1-0"]
[WhiteElo "1299"]
[BlackElo "1628"]
[PlyCount "55"]
[EventDate "2001.??.??"]
[EventType "tourn (corr)"]
[EventRounds "6"]
[SourceTitle "Corr 2008"]
[Source "ChessBase"]
[SourceDate "2008.06.24"]
[SourceVersion "1"]
[SourceVersionDate "2008.06.24"]
[SourceQuality "1"]

1. d4 Nf6 2. Nf3 d5 3. Bf4 c6 4. Nbd2 e6 5. e3 Be7 6. Bd3 0-0 7. 0-0 Nbd7 8. c4 Nh5 9. Be5 dxc4 10. Nxc4 Nxe5 11. Ncxe5 g6 12. Qc2 f6 13. Nc4 Bd7 14. Rfd1 Be8 15. Rac1 Rc8 16. Qb3 Qc7 17. Ncd2 Bf7 18. Ne4 Ng7 19. Nc5 b6 20. Ne4 Qd8 21. Qc2 Nf5 22. a3 b5 23. Nc5 Re8 24. Qc3 Bf8 25. e4 Ne7 26. Bc2 Bh6 27. Ra1 Ra8 28. Bb3 1-0